Ambedkar-chintan (Record no. 446587)

000 -LEADER
fixed length control field 00378cam a22001337a 4500
008 - FIXED-LENGTH DATA ELEMENTS--GENERAL INFORMATION
fixed length control field 180718b2010 xxu||||| |||| 00| 0 eng d
020 ## - INTERNATIONAL STANDARD BOOK NUMBER
International Standard Book Number 9788184840759
082 ## - DEWEY DECIMAL CLASSIFICATION NUMBER
Classification number A99 Am13\Si64(H)
100 ## - MAIN ENTRY--PERSONAL NAME
Personal name Singh,Jeevitesh Kumar
9 (RLIN) 11575
245 ## - TITLE STATEMENT
Title Ambedkar-chintan
Statement of responsibility, etc edited by Jeevitesh Kumar singh
260 ## - PUBLICATION, DISTRIBUTION, ETC. (IMPRINT)
Place of publication, distribution, etc New Delhi
Name of publisher, distributor, etc Regal publication
Date of publication, distribution, etc 2010
300 ## - PHYSICAL DESCRIPTION
Extent 461p.
942 ## - ADDED ENTRY ELEMENTS (KOHA)
Source of classification or shelving scheme
Holdings
Withdrawn status Lost status Source of classification or shelving scheme Damaged status Koha normalized classification for sorting Not for loan Permanent location Current location Date acquired Full call number Barcode Date last seen Price effective from Koha item type
        A_99_000000000000000_AM13SI64H   Indian Institute of Public Administration Indian Institute of Public Administration 2018-05-22 A99 Am13\Si64(H) 84607 2018-07-21 2018-07-21 Book

Powered by Koha